1476 1911 1195 1924 1624 1997 1278 1517 1170 1947 1718 1566 1731 1667 1347 1128 1350 1252 1809 1975 1144 1712 1975 1404 1687 1963 1001 1808 1313 1893 1077 1484 1059 1974 1912 1300 1919 1478 1240 1038 1231 1332 1530 1965 1616 1504 1878 1121 1724 1805 1041 1691 1115 1853 1050 1282 1893 1515 1756 1265 1336 1065 1757 1149 1280 1117 1058 1281 1978 1529 1024 1310 1426 1339 1303 1553 1373 1853 1804 1612 1957 1405 1537 1187 1820 1542 1527 1762 1677 1134 1705 1620 1306 1208 1475 1194 1549 1445 1286 BCNSPRNW ULIB Ver.6.0+V

เปลี่ยนเป็นภาษาไทย

Change to English
 แสดงรายละเอียดบรรณานุกรม
  กลับหน้าหลัก

Brief Record : Get Marc (ISO 2709) : E-mail record : QR code < ปิดหน้าต่าง
LEADER : 00000nam 2200000uu 4500
001    13399113528
003     ULIB
008    110627s2000||||th 000 0 tha d
020    0439139597
090    นว.^bR884H ล.4 2000
100 0  Rowling J.K.
245 00 Harry potter and the goblet of fire/^cRowling J.K.
250    พิมพ์ครั้งที่ 1
260    New York :^bA.A. Levine Books,^c2000
300    734 หน้า
710 1  นานมีบุ๊คส์
945    ^p0^l0^i021843
995    ทศพร
999 ^a ใช้งานได้ทุกระบบ
รายการนี้ยังไม่มีแท็ก
คุณยังไม่ได้ล็อกอิน คุณสามารถมีกิจกรรมร่วมกับเว็บไซต์ได้ แต่ต้องล็อกอินก่อน ::
  ล็อกอิน

รายการสื่อสารสนเทศ

ลำดับที่ ประเภท เลขเรียก/บาร์โค้ด สถานที่ สถานะ
1. นวนิยาย
นวนิยาย
นว. R884H ล.4 2000 ฉ.1 
  Barcode: 021843
ห้องสมุดวิทยาเขตสวรรค์ประชารักษ์
►นวนิยาย
บนชั้น
  ขอยืม

รายการใกล้เคียง
    ผู้แต่ง [Rowling J.K.]

BibComment


ยังไม่เคยถูกคอมเมนท์

คอมเมนท์ทรัพยากรรายการนี้
  คอมเมนท์: Harry potter and ..


 Copyright 2026. Bcnsprnw @Library